Kľúčové aspekty modernizácie e-commerce riešení v cestovnom ruchu
Prostredie e-business a e-commerce a konkurenčný boj. Zákazník v prostredí internetu. Charakteristiky zákaznícky orientovaného internetového predajného portálu. Kontakt so zákazníkom a životný cyklus zákazníka. Informačná koncentrácia a kontextové informácie. Rozširovanie online distribučnej siete....
Uložené v:
| Hlavný autor: | |
|---|---|
| Médium: | Kapitola |
| Jazyk: | Slovak |
| Predmet: | |
| Tagy: |
Žiadne tagy, Buďte prvý, kto otaguje tento záznam!
|
MARC
| LEADER | 00000naa$a2200000$$$4500 | ||
|---|---|---|---|
| 001 | 0051475 | ||
| 005 | 20240502071613.5 | ||
| 041 | 0 | |a slo | |
| 044 | |a SK | ||
| 245 | 1 | 0 | |a Kľúčové aspekty modernizácie e-commerce riešení v cestovnom ruchu |c Andrej Miklošík |
| 520 | |a Prostredie e-business a e-commerce a konkurenčný boj. Zákazník v prostredí internetu. Charakteristiky zákaznícky orientovaného internetového predajného portálu. Kontakt so zákazníkom a životný cyklus zákazníka. Informačná koncentrácia a kontextové informácie. Rozširovanie online distribučnej siete. Affiliate programy. Packaging produktov. Rozdelenie európskeho trhu online predaja CR. | ||
| 610 | 2 | 0 | |a prostredie podnikateľské |
| 610 | 2 | 0 | |a trh elektronický |
| 610 | 2 | 0 | |a internet |
| 610 | 2 | 0 | |a ruch cestovný |
| 610 | 2 | 0 | |a obchod elektronický |
| 610 | 2 | 0 | |a koncentrácia |
| 610 | 2 | 0 | |a konkurencieschopnosť |
| 610 | 2 | 0 | |a zákazníci |
| 610 | 2 | 0 | |a predaj |
| 610 | 2 | 0 | |a marketing |
| 610 | 2 | 0 | |a technológie informačné |
| 610 | 2 | 0 | |a technológie komunikačné |
| 100 | 1 | |a Miklošík, Andrej | |